000 00880nam a2200241 a 4500
001 000003942
005 20240412074201.0
008 090715s2007 dr r 000 p spa d
040 _aDO-SdBNP
_bspa
_cBNPHU
082 _aRD861.5
_bR789p
100 1 _aRosario, Rosa Digna del.
_911858
245 1 0 _aPoemas cristianos de textos bíblicos /
_cRosa Digna del Rosario.
260 _aSanto Domingo :
_bEditora de la UASD,
_c2007.
300 _a134 p. ;
_c21 cm.
490 1 _aPublicaciones de la Universidad Autónoma de Santo Domingo
_v1352
490 1 _aLiteratura y Sociedad
_v71
590 _aInventariado, 2019/BT
650 4 _aPoseía dominicana
_911859
650 0 _aLiteratura dominicana.
_967
830 0 _aPublicaciones de la Universidad Autónoma de Santo Domingo
_n1352
_911860
830 0 _aLiteratura y Sociedad
_n71
_911861
910 _aValidado. Control de calidad. MFF
999 _c3761
_d3761